000 00443nam a2200157 i 4500
001 88357
003 ES-MaACL
005 20230906175839.0
007 t|
008 050104s1959 sp ||||1| spa d
100 1 _aLaguna Alfranca, Demetrio.
_969622
245 1 0 _aSea usted joven /
_cpor Demetrio Laguna Alfranca.
260 _aBarcelona :
_b[s.n.,
_c1959] (
_fSalvadó)
300 _a162 p. ;
_c21 cm.
852 _aES-MaACL
_jC-16626
_bR.44753
999 _c88357
_d88357